| 000 | 00370nam a2200145 a 4500 | ||
|---|---|---|---|
| 001 | 2249 | ||
| 003 | CDMR | ||
| 005 | 20130116135226.0 | ||
| 008 | 130130s1968||||||||||||||||||||||||||||d | ||
| 040 |
_aCDMR _bcat _cCDMR |
||
| 100 | 1 |
_aRiva Amella, José Luís _91672 |
|
| 245 | 1 | 3 |
_aLa prensa juvenil en España _cJosé Luís Riva Amella |
| 260 |
_aBarcelona _c1968 |
||
| 942 | _cTSN | ||
| 999 |
_c2249 _d2249 |
||